Je city logistika liekom na všetko?
Problémy miest na Slovensku s dopravnou situáciou. Vedenie dopravy mimo mesta. Základná úloha city logistiky. Využívanie technológií pri zásobovaní. Širší kontext city logistiky.
Gespeichert in:
| 1. Verfasser: | |
|---|---|
| Format: | Buchkapitel |
| Sprache: | Slowakisch |
| Schlagworte: | |
| Tags: |
Keine Tags, Fügen Sie das erste Tag hinzu!
|
MARC
| LEADER | 00000naa$a2200000$$$4500 | ||
|---|---|---|---|
| 001 | 0092432 | ||
| 005 | 20231006123358.5 | ||
| 041 | 0 | |a slo | |
| 044 | |a SK | ||
| 245 | 1 | 0 | |a Je city logistika liekom na všetko? |c Tomáš Moravčík |
| 520 | |a Problémy miest na Slovensku s dopravnou situáciou. Vedenie dopravy mimo mesta. Základná úloha city logistiky. Využívanie technológií pri zásobovaní. Širší kontext city logistiky. | ||
| 610 | 2 | 0 | |a doprava |
| 610 | 2 | 0 | |a logistika |
| 610 | 2 | 0 | |a tovar |
| 610 | 2 | 0 | |a siete cestné |
| 100 | 1 | |a Moravčík, Tomáš | |